00331nam a22000977a 4500003000400000008004100004245003000045250008100075260005000156650002700206OSt201218b ||||| |||| 00| 0 eng d aClaro : Materials Science a2017(Jan-Mar Vol.2017, Apr-Jun Vol.2017, Jul-Sep Vol.2017, Oct-Dec Vol.2017) aAhmedabadbClaro Publications Private Limited aMechanical Engineering